|
|
|
|
| LEADER |
00680nam a22001817a 4500 |
| 020 |
|
|
|a 9789382396369
|
| 082 |
|
|
|a 294.309 547 9
|b FRA/S
|
| 100 |
|
|
|a Francis N J
|9 17067
|
| 245 |
|
|
|a A source book of the early buddhist inscriptions of Amaravati/
|c by Francis N J.
|
| 250 |
|
|
|a 1st.
|
| 260 |
|
|
|a Shimla:
|b Indian Institute of Advanced Study Rashtrapati Nivas,
|c 2016.
|
| 300 |
|
|
|a 296p.
|
| 650 |
|
|
|a Buddhism Maharashtra
|9 17068
|
| 650 |
|
|
|a Buddhism
|9 17069
|
| 650 |
|
|
|a Religion
|9 17070
|
| 942 |
|
|
|c BK
|
| 999 |
|
|
|c 65097
|d 65097
|
| 952 |
|
|
|0 0
|1 0
|4 0
|6 294_309547900000000_FRA_S
|7 0
|9 86738
|a SSUS
|b SSUS
|c STACKS
|d 2017-05-24
|g 400.00
|l 2
|o 294.3095479 FRA/S
|p 084729
|r 2018-03-09
|s 2018-02-15
|w 2017-05-24
|y BK
|